书目信息 |
| 题名: |
难熔化合物手册
|
|
| 作者: | 萨姆索诺夫 著 | |
| 分册: | ||
| 出版信息: | 北京 中国工业出版社 1965 |
|
| 页数: | 417页 | |
| 开本: | 21cm | |
| 丛书名: | ||
| 单 册: | ||
| 中图分类: | TF123.3 | |
| 科图分类: | ||
| 主题词: | 粉末冶金 | |
| 电子资源: | ||
| ISBN: | ||
| 000 | 00567nam0 2200193 450 | |
| 001 | 0658604891 | |
| 005 | 20060508162002.26 | |
| 010 | @dCNY2.00 | |
| 100 | @a20060508d1965 km y0chiy0120 ea | |
| 101 | 0 | @achi@crus |
| 102 | @aCN@b110000 | |
| 200 | 1 | @a难熔化合物手册@Anan rong hua he wu shou ce@f(苏)Г·В·萨姆索诺夫著@F(su)Г·В·sa mu suo nuo fu zhu |
| 210 | @a北京@c中国工业出版社@d1965 | |
| 215 | @a417页@d21cm | |
| 606 | 0 | @a粉末冶金 |
| 690 | @aTF123.3@v3 | |
| 701 | 0 | @a萨姆索诺夫@Asa mu suo nuo fu@4著 |
| 801 | 0 | @aCN@bPFT@c20060508 |
| 905 | @a10447@dTF123.3@e1 | |
| 难熔化合物手册/(苏)Г·В·萨姆索诺夫著.-北京:中国工业出版社,1965 |
| 417页;21cm |
| ISBN :CNY2.00 |
| ● |
| 相关链接 |
|
|
|
|
正题名:难熔化合物手册
索取号:TF123.3/1
 
预约/预借
| 序号 | 登录号 | 条形码 | 馆藏地/架位号 | 状态 | 备注 |
| 1 | 0013379 | 202315011 | 密集书库/ [索取号:TF123.3/1] | 在馆 |